Código de procedimientos penales expedido por el H. Congreso del Estado el 14 de diciembre de 1887

Detalles Bibliográficos
Autor Corporativo: Oaxaca (México). Código Penal
Formato: Libro
Lenguaje:Spanish
Publicado: Oaxaca : imprenta del Estado en la 2° de Murguia, núm. 9, 1895.
Edición:Segunda edición
Materias:
Colección:Banco de datos
Acervo:Universidad Autónoma Benito Juárez de Oaxaca. Biblioteca Francisco de Burgoa. Colección histórica
Descripción Física:III, 111, 6 p. ; 21.5 cm.
Tema general:Derecho penal
Notas:Portada tipográfica con plecas. Texto a renglón seguido con paginación en números arábigos y romanos y signaturas. Encuadernación en cartón. Testigos: hoja impresa antes de la portada, hojas manuscritas en la p. 7 y 8; p. 13 y 14, 67, 72, 75, 99 y al final del libro una hoja imrpesa
LEADER 01026nam a22001810004500
035 |a 1922 
041 0 |a spa 
110 1 |a Oaxaca (México). Código Penal 
245 1 0 |a Código de procedimientos penales expedido por el H. Congreso del Estado el 14 de diciembre de 1887 
250 |a Segunda edición 
260 |a Oaxaca : imprenta del Estado en la 2° de Murguia, núm. 9, 1895. 
300 |a III, 111, 6 p. ; 21.5 cm.  
500 |a Portada tipográfica con plecas. Texto a renglón seguido con paginación en números arábigos y romanos y signaturas. Encuadernación en cartón. Testigos: hoja impresa antes de la portada, hojas manuscritas en la p. 7 y 8; p. 13 y 14, 67, 72, 75, 99 y al final del libro una hoja imrpesa 
650 1 0 |a Derecho penal 
852 |a Universidad Autónoma "Benito Juárez" de Oaxaca, Biblioteca Francisco de Burgoa, Colección histórica 13639 
942 |c BURHIS 
943 |g Universidad Autónoma Benito Juárez de Oaxaca. Biblioteca Francisco de Burgoa. Colección histórica 
999 |c 1120424  |d 1120424